د يو ا ن مو من (Record no. 171710)

MARC details
000 -LEADER
fixed length control field 00541nam a22001817a 4500
005 - DATE AND TIME OF LATEST TRANSACTION
control field 20200117160525.0
010 ## - LCCN (DPL NO)
LC control number 20563
020 ## - INTERNATIONAL STANDARD BOOK NUMBER
Terms of availability N.A.
International Standard Book Number -
037 ## - SOURCE OF ACQUISITION
Source of stock number/acquisition BPPD/Pub.
Stock number 20563
082 ## - DEWEY DECIMAL CLASSIFICATION NUMBER
Classification number 841
100 ## - MAIN ENTRY--PERSONAL NAME
Personal name محمد مو من خا ن
245 ## - TITLE STATEMENT
Title د يو ا ن مو من
Statement of responsibility, etc محمد مو من خا ن
246 ## - VARYING FORM OF TITLE
Remainder of title Dewan -e-Momin (Urdu)
Title proper/short title by Mohd.Momin Khan
260 ## - PUBLICATION, DISTRIBUTION, ETC. (IMPRINT)
Place of publication, distribution, etc Alahbad
Name of publisher, distributor, etc Shanti Press
Date of publication, distribution, etc 1962 ء
270 ## - ADDRESS
Address Alahabad
City U.P.
Postal code 2
Telephone number -
Fax number -
300 ## - PHYSICAL DESCRIPTION
Extent 267 ص
Dimensions 22 Cm(Hb)
942 ## - ADDED ENTRY ELEMENTS (KOHA)
Source of classification or shelving scheme Dewey Decimal Classification
Item type Urdu Bks
Classification part 841
Call number prefix م ح م

No items available.


© Delhi Public Library
Hit Counter
free hit counter